<Die> Exportmarke Zugleich ein Beitrag zu ausgewählten Fragen der Europäischen Gemeinschaftsmarke und des internationalen Markenschultzes

Enregistré dans:
Détails bibliographiques
Auteur principal: Fammler, Michael
Format: Livre
Langue:allemand
Publié: Frankfurt am Main Lang 1990
Édition:1. Aufl.
Sujets:
Tags: Ajouter un tag
Pas de tags, Soyez le premier à ajouter un tag!

MARC

LEADER 00000nam a2200000 4500
001 c000566
005 20221215125319.3
020 |a 3-631-42299-7 
041 0 |a ger 
044 |a DE 
245 1 0 |a <Die> Exportmarke  |b Zugleich ein Beitrag zu ausgewählten Fragen der Europäischen Gemeinschaftsmarke und des internationalen Markenschultzes  |c Michael Fammler 
250 |a 1. Aufl. 
264 1 |a Frankfurt am Main  |b Lang  |c 1990 
300 |a 216 s. 
610 2 0 |a vývoz 
610 2 0 |a Európske spoločenstvá 
610 2 0 |a známky ochranné 
610 2 0 |a právo medzinárodné 
100 1 |a Fammler, Michael